[Event "POL-chT U19 2nd League"]
[Site "Borowice"]
[Date "2012.07.29"]
[Round "11"]
[White "Polek, Marek"]
[Black "Wyslobocki, Patryk"]
[Result "1-0"]
[WhiteElo "1702"]
[BlackElo "1702"]
[PlyCount "83"]
[EventDate "2012.07.21"]
[EventType "team-swiss"]
[EventRounds "11"]
[EventCountry "POL"]
[SourceTitle "EXT 2014"]
[Source "ChessBase"]
[SourceDate "2013.11.20"]
[SourceVersion "1"]
[SourceVersionDate "2013.11.20"]
[SourceQuality "1"]
[WhiteTeam "Krakow KKSz U19 II"]
[BlackTeam "Zielona Gora KS 64 U19"]
[WhiteTeamCountry "POL"]
[BlackTeamCountry "POL"]

1. e4 d6 2. d4 Nf6 3. Bd3 e5 4. dxe5 dxe5 5. Bg5 Nbd7 6. Nf3 Bc5 7. 0-0 0-0 8. Nc3 c6 9. h3 b5 10. a3 Qc7 11. Re1 h6 12. Bh4 a5 13. Ne2 Nh5 14. Bg3 Nxg3 15. Nxg3 Nf6 16. Qe2 Bd7 17. Rad1 b4 18. axb4 axb4 19. Bc4 Be6 20. Bxe6 fxe6 21. Qc4 Qe7 22. Nxe5 Bxf2+ 23. Kxf2 Ng4+ 24. Kg1 Nxe5 25. Qd4 Ng6 26. Qd6 Ra2 27. Qxc6 Rxb2 28. Rd7 Ne5 29. Rxe7 Nxc6 30. Rxe6 Rxc2 31. Nf5 b3 32. Rxc6 Ra2 33. Rb6 b2 34. Rb1 Re8 35. R6xb2 Rxb2 36. Rxb2 Rxe4 37. Rb7 Re5 38. Nxg7 Rg5 39. Ne6 Rg6 40. Nf4 Rg5 41. g4 Re5 42. Kf2 1-0

[Event "POL-chT U19 2nd League"]
[Site "Borowice"]
[Date "2012.07.27"]
[Round "9"]
[White "Winiarski, Mikolaj"]
[Black "Polek, Marek"]
[Result "1/2-1/2"]
[WhiteElo "2031"]
[BlackElo "1702"]
[PlyCount "126"]
[EventDate "2012.07.21"]
[EventType "team-swiss"]
[EventRounds "11"]
[EventCountry "POL"]
[SourceTitle "EXT 2014"]
[Source "ChessBase"]
[SourceDate "2013.11.20"]
[SourceVersion "1"]
[SourceVersionDate "2013.11.20"]
[SourceQuality "1"]
[WhiteTeam "Szachylice UKS U19"]
[BlackTeam "Krakow KKSz U19 II"]
[WhiteTeamCountry "POL"]
[BlackTeamCountry "POL"]

1. e4 c5 2. Nc3 d6 3. g3 Nf6 4. Bg2 g6 5. Nge2 Bg7 6. 0-0 0-0 7. d3 Nc6 8. h3 Bd7 9. Be3 Rb8 10. f4 b5 11. Qd2 a5 12. g4 b4 13. Nd1 a4 14. f5 a3 15. Bh6 axb2 16. Rb1 Qb6 17. Nxb2 c4+ 18. Be3 c3 19. Bxb6 cxd2 20. Be3 Ra8 21. Bxd2 Rxa2 22. Bc1 Rc8 23. c4 Na5 24. Nf4 g5 25. Nd5 Nxd5 26. exd5 Bd4+ 27. Kh1 Nb3 28. Bxg5 f6 29. Nd1 Ba4 30. Be3 Bxe3 31. Nxe3 Re2 32. Rfe1 Rxe1+ 33. Rxe1 Nd4 34. Rb1 Rb8 35. Rb2 b3 36. Bf1 Be8 37. Kg2 Ra8 38. Kf2 Ra1 39. Be2 Ba4 40. Nd1 Rc1 41. Ke3 Nxe2 42. Kxe2 Rc2+ 43. Ke3 Kg7 44. Kd4 h5 45. Rb1 hxg4 46. hxg4 Rg2 47. Kc3 Rxg4 48. Kb4 Bd7 49. Rxb3 Rg3 50. d4 Rg4 51. Rd3 Bxf5 52. Ne3 Bxd3 53. Nxg4 Be4 54. Nf2 Bf3 55. Kc3 Kf8 56. Kd3 e6 57. Ke3 Bg2 58. dxe6 Ke7 59. Nd3 Bf1 60. Nf4 Kd8 61. c5 f5 62. Ng6 dxc5 63. dxc5 Bg2 1/2-1/2

[Event "POL-chT U19 2nd League"]
[Site "Borowice"]
[Date "2012.07.23"]
[Round "4"]
[White "Slany, Wiktor"]
[Black "Polek, Marek"]
[Result "0-1"]
[WhiteElo "1641"]
[BlackElo "1702"]
[PlyCount "44"]
[EventDate "2012.07.21"]
[EventType "team-swiss"]
[EventRounds "11"]
[EventCountry "POL"]
[SourceTitle "EXT 2014"]
[Source "ChessBase"]
[SourceDate "2013.11.20"]
[SourceVersion "1"]
[SourceVersionDate "2013.11.20"]
[SourceQuality "1"]
[WhiteTeam "Gliwice Carbo U19"]
[BlackTeam "Krakow KKSz U19 II"]
[WhiteTeamCountry "POL"]
[BlackTeamCountry "POL"]

1. e4 c5 2. Nf3 d6 3. d4 cxd4 4. Nxd4 Nf6 5. Nc3 g6 6. Be3 Bg7 7. f3 0-0 8. Qd2 Nc6 9. 0-0-0 d5 10. Qe1 e5 11. Nxc6 bxc6 12. exd5 cxd5 13. Bg5 Be6 14. Kb1 Rb8 15. Bc4 Qb6 16. Bb3 d4 17. Bxf6 Bxf6 18. Ne4 Be7 19. Nd2 a5 20. a4 d3 21. Qxe5 dxc2+ 22. Bxc2 Bf6 0-1

[Event "POL-chT U19 2nd League"]
[Site "Borowice"]
[Date "2012.07.21"]
[Round "1"]
[White "Polek, Marek"]
[Black "Majas, Piotr"]
[Result "1-0"]
[WhiteElo "1702"]
[BlackElo "1783"]
[PlyCount "51"]
[EventDate "2012.07.21"]
[EventType "team-swiss"]
[EventRounds "11"]
[EventCountry "POL"]
[SourceTitle "EXT 2014"]
[Source "ChessBase"]
[SourceDate "2013.11.20"]
[SourceVersion "1"]
[SourceVersionDate "2013.11.20"]
[SourceQuality "1"]
[WhiteTeam "Krakow KKSz U19 II"]
[BlackTeam "Kalisz KTS U19"]
[WhiteTeamCountry "POL"]
[BlackTeamCountry "POL"]

1. e4 c5 2. Nf3 Nc6 3. d4 cxd4 4. Nxd4 Qb6 5. Nb3 Nf6 6. Nc3 e6 7. Be3 Qc7 8. a3 a6 9. f4 d6 10. Qf3 Be7 11. 0-0-0 Bd7 12. g4 h6 13. h4 0-0-0 14. Be2 Be8 15. Qf2 Nd7 16. Na4 b5 17. Nc3 Na5 18. Kb1 Nc5 19. Nxa5 Qxa5 20. e5 Qc7 21. exd6 Bxd6 22. Rxd6 Rxd6 23. Bxc5 Rd7 24. Bb6 Qb8 25. Qc5+ Kb7 26. Bf3+ 1-0

[Event "Klementowice op 2nd"]
[Site "Klementowice"]
[Date "2011.08.15"]
[Round "2"]
[White "Garbowski, Jakub"]
[Black "Polek, Marek"]
[Result "0-1"]
[WhiteElo "1570"]
[BlackElo "1735"]
[PlyCount "82"]
[EventDate "2011.08.14"]
[EventType "swiss"]
[EventRounds "9"]
[EventCountry "POL"]
[SourceTitle "CBM 144 Extra"]
[Source "ChessBase"]
[SourceDate "2011.10.28"]
[SourceVersion "1"]
[SourceVersionDate "2011.10.28"]
[SourceQuality "1"]

1. e4 c5 2. Nf3 d6 3. d4 cxd4 4. Nxd4 Nf6 5. Nc3 g6 6. Bc4 Bg7 7. 0-0 0-0 8. f4 Nc6 9. Nde2 Bd7 10. Ng3 Ng4 11. Nd5 Bd4+ 12. Kh1 Nf2+ 13. Rxf2 Bxf2 14. Qf3 Bd4 15. c3 Bg7 16. Bb3 Be6 17. f5 Bxd5 18. Bxd5 Ne5 19. Qf1 Qb6 20. h3 Rac8 21. fxg6 hxg6 22. Qe2 e6 23. Be3 Qc7 24. Bb3 Nc4 25. Bxc4 Qxc4 26. Qxc4 Rxc4 27. Bxa7 b6 28. a4 Ra8 29. Bxb6 Rcxa4 30. Rd1 Ra1 31. Rxa1 Rxa1+ 32. Kh2 Rb1 33. Bd4 Rxb2 34. Kg1 Bh6 35. Kf1 e5 36. Bf2 Bd2 37. c4 Rc2 38. Ba7 Rxc4 39. Bb8 Bb4 40. Ba7 Rc1+ 41. Kf2 Be1+ 0-1

[Event "Klementowice op 2nd"]
[Site "Klementowice"]
[Date "2011.08.14"]
[Round "1"]
[White "Polek, Marek"]
[Black "Fraczek, Dariusz"]
[Result "0-1"]
[WhiteElo "1735"]
[BlackElo "2261"]
[PlyCount "30"]
[EventDate "2011.08.14"]
[EventType "swiss"]
[EventRounds "9"]
[EventCountry "POL"]
[SourceTitle "CBM 144 Extra"]
[Source "ChessBase"]
[SourceDate "2011.10.28"]
[SourceVersion "1"]
[SourceVersionDate "2011.10.28"]
[SourceQuality "1"]

1. e4 e6 2. d4 d5 3. Nc3 Nf6 4. e5 Nfd7 5. f4 c5 6. Nf3 Nc6 7. Be3 a6 8. a4 Qb6 9. Qd2 cxd4 10. Nxd4 Bc5 11. a5 Qc7 12. Be2 Bb4 13. 0-0 0-0 14. Kh1 Nc5 15. Nxd5 exd5 0-1

[Event "POL-chT U19 2nd League"]
[Site "Chelm Lubelski"]
[Date "2010.07.11"]
[Round "7"]
[White "Polek, Marek"]
[Black "Kolodziej, Przemyslaw"]
[Result "1-0"]
[WhiteElo "1703"]
[BlackElo "1654"]
[PlyCount "59"]
[EventDate "2010.07.06"]
[EventType "team-tourn"]
[EventRounds "11"]
[EventCountry "POL"]
[SourceTitle "EXT 2011"]
[Source "ChessBase"]
[SourceDate "2010.11.26"]
[SourceVersion "1"]
[SourceVersionDate "2010.11.26"]
[SourceQuality "1"]
[WhiteTeam "Krakow KKSz 1893 U19"]
[BlackTeam "Kielce KMKSz Victoria U19"]
[WhiteTeamCountry "POL"]
[BlackTeamCountry "POL"]

1. e4 e5 2. Nf3 d6 3. d4 exd4 4. Nxd4 Nf6 5. Nc3 g6 6. Bf4 Bg7 7. Qd2 0-0 8. 0-0-0 Re8 9. f3 Bd7 10. g4 Nc6 11. Be3 Nxd4 12. Bxd4 Bc6 13. h4 Nd7 14. Bxg7 Kxg7 15. h5 g5 16. h6+ Kg8 17. Rh5 f6 18. Bc4+ Kf8 19. f4 Nb6 20. Bd3 gxf4 21. Qxf4 Re5 22. Rf5 Nd7 23. g5 Qe7 24. gxf6 Qf7 25. Rg1 Rxf5 26. Qxf5 Nxf6 27. Rg7 Qxg7 28. hxg7+ Kxg7 29. Qg5+ Kf7 30. Bc4+ 1-0

[Event "Krakow KKSz-ch"]
[Site "Krakow"]
[Date "2009.08.18"]
[Round "9"]
[White "Tikhonov, Valeri"]
[Black "Polek, Marek"]
[Result "0-1"]
[WhiteElo "1824"]
[BlackElo "1619"]
[PlyCount "210"]
[EventDate "2009.08.12"]
[EventType "swiss"]
[EventRounds "9"]
[EventCountry "POL"]
[SourceTitle "CBM 132 Extra"]
[Source "ChessBase"]
[SourceDate "2009.11.03"]
[SourceVersion "1"]
[SourceVersionDate "2009.11.03"]
[SourceQuality "1"]

1. e4 c5 2. Nf3 d6 3. d4 cxd4 4. Nxd4 Nf6 5. Nc3 g6 6. Bb5+ Bd7 7. Bxd7+ Qxd7 8. 0-0 Bg7 9. h3 0-0 10. Be3 Nc6 11. Qd2 Rac8 12. Rfe1 Rfd8 13. Rad1 Ne5 14. Qc1 Nc4 15. Bg5 a6 16. Nf3 Qc7 17. Bxf6 Bxf6 18. Nd5 Qd7 19. Nxf6+ exf6 20. b3 Ne5 21. Nxe5 fxe5 22. Qb2 Qc7 23. c4 Qb6 24. Rd5 Rxc4 25. Qd2 Rc6 26. Rd1 Rdc8 27. Rxd6 Rxd6 28. Qxd6 Qxd6 29. Rxd6 Rc1+ 30. Kh2 Rc2 31. f3 Rxa2 32. Rb6 Rb2 33. Rxb7 a5 34. Rb5 f6 35. h4 Ra2 36. Kh3 a4 37. bxa4 Rxa4 38. g4 h5 39. g5 Ra6 40. gxf6 Rxf6 41. Kg3 Re6 42. Rb7 Ra6 43. Re7 Ra5 44. Rd7 Kf8 45. Rb7 Rc5 46. Rd7 Ra5 47. Rd3 Kf7 48. f4 exf4+ 49. Kxf4 Ke6 50. Rg3 Kf6 51. Rb3 Kg7 52. Rd3 Kf6 53. Rd6+ Kf7 54. Rb6 Rc5 55. Rb3 Kf6 56. Rb4 Ra5 57. Rb6+ Kg7 58. Rd6 Kf7 59. Rd8 Ke6 60. Re8+ Kf7 61. Rd8 Ke6 62. Rg8 Kf7 63. Rc8 Rb5 64. Ra8 Ke7 65. Ra6 Kf7 66. Rd6 Ra5 67. Rd3 Ke6 68. Re3 Ra4 69. Rg3 Kf6 70. Rg5 Ra1 71. Rg2 Rf1+ 72. Kg3 Ke5 73. Kh3 Rf3+ 74. Kh2 Rf6 75. Re2 Rf4 76. Kh3 Rxe4 77. Rg2 Kf5 78. Rg5+ Kf6 79. Rg3 Re5 80. Kh2 Re6 81. Kh3 Kf5 82. Rg5+ Kf4 83. Kg2 Rf6 84. Kf2 Re6 85. Rg1 Ra6 86. Rg5 Rb6 87. Ke2 Rb2+ 88. Kd3 Rb3+ 89. Ke2 Rg3 90. Ra5 Kg4 91. Ra4+ Kh3 92. Kf2 Rg4 93. Ra1 Kxh4 94. Kf3 Rg3+ 95. Kf4 g5+ 96. Kf5 g4 97. Kg6 Rb3 98. Rh1+ Kg3 99. Rxh5 Rb6+ 100. Kf7 Kg2 101. Ra5 g3 102. Rf5 Kg1 103. Ke7 g2 104. Kd7 Rh6 105. Ke7 Kh1 0-1

[Event "Krakow KKSz-ch"]
[Site "Krakow"]
[Date "2009.08.17"]
[Round "8"]
[White "Polek, Marek"]
[Black "Szuper, Paul"]
[Result "0-1"]
[WhiteElo "1619"]
[BlackElo "2197"]
[PlyCount "58"]
[EventDate "2009.08.12"]
[EventType "swiss"]
[EventRounds "9"]
[EventCountry "POL"]
[SourceTitle "CBM 132 Extra"]
[Source "ChessBase"]
[SourceDate "2009.11.03"]
[SourceVersion "1"]
[SourceVersionDate "2009.11.03"]
[SourceQuality "1"]

1. e4 e5 2. Nf3 Nc6 3. Nc3 Nf6 4. Bc4 Be7 5. d3 0-0 6. 0-0 d6 7. h3 Na5 8. Bb3 a6 9. Re1 Nxb3 10. axb3 c5 11. Nh2 Be6 12. Bg5 h6 13. Bxf6 Bxf6 14. Ng4 Bg5 15. Ne3 Bxe3 16. Rxe3 Qd7 17. Rg3 f5 18. exf5 Rxf5 19. Qd2 Kh7 20. Ne2 Raf8 21. f3 R5f7 22. Ra4 Qd8 23. Nc3 Rf4 24. Ne2 g5 25. Qe1 Rxa4 26. bxa4 h5 27. Nc3 h4 28. Ne4 hxg3 29. Nxg5+ Qxg5 0-1

[Event "Chrzanow 11th"]
[Site "Chrzanow"]
[Date "2008.09.13"]
[Round "6.2"]
[White "Polek, Marek"]
[Black "Barski, Radoslaw"]
[Result "0-1"]
[WhiteElo "1623"]
[BlackElo "2154"]
[PlyCount "54"]
[EventDate "2008.09.11"]
[EventType "tourn"]
[EventRounds "9"]
[EventCountry "POL"]
[SourceTitle "EXT 2023"]
[Source "ChessBase"]
[SourceDate "2022.10.05"]
[SourceVersion "1"]
[SourceVersionDate "2022.10.05"]
[SourceQuality "1"]

1. e4 c5 2. Nf3 d6 3. d4 cxd4 4. Nxd4 Nf6 5. Nc3 a6 6. f3 e5 7. Nb3 Be7 8. Be3 Be6 9. Qd2 0-0 10. 0-0-0 Nbd7 11. g4 b5 12. Kb1 b4 13. Nd5 Bxd5 14. exd5 a5 15. g5 Nh5 16. Bh3 a4 17. Nc1 Nf4 18. Bxf4 exf4 19. Rhg1 Nc5 20. Qxf4 b3 21. cxb3 axb3 22. a3 Ra4 23. Rd4 Bxg5 24. Rxg5 Rxd4 25. Rxg7+ Kxg7 26. Qxd4+ Qf6 27. Qxf6+ Kxf6 0-1

[Event "Krakow U20"]
[Site "Krakow"]
[Date "2008.03.01"]
[Round "2"]
[White "Polek, Marek"]
[Black "Marczuk, Dominik"]
[Result "1/2-1/2"]
[WhiteElo "1622"]
[BlackElo "1800"]
[PlyCount "96"]
[EventDate "2008.03.01"]
[EventType "swiss"]
[EventRounds "5"]
[EventCountry "POL"]
[SourceTitle "EXT 2010"]
[Source "ChessBase"]
[SourceDate "2010.11.25"]
[SourceVersion "1"]
[SourceVersionDate "2010.11.25"]
[SourceQuality "1"]

1. e4 e5 2. Nf3 Nf6 3. Nxe5 d6 4. Nf3 Nxe4 5. d3 Nf6 6. Nc3 Bg4 7. Be2 g6 8. Bg5 Bg7 9. Ne4 Nbd7 10. Nfd2 Bxe2 11. Nxf6+ Bxf6 12. Qxe2+ Qe7 13. Qxe7+ Kxe7 14. Bxf6+ Nxf6 15. 0-0-0 Kd7 16. Rde1 b5 17. Ne4 Nxe4 18. Rxe4 Rhe8 19. Rhe1 Rxe4 20. Rxe4 f5 21. Re3 a5 22. Kd2 c5 23. Rh3 h5 24. Rg3 Rg8 25. Re3 d5 26. c3 b4 27. c4 d4 28. Re5 Kd6 29. Rd5+ Kc6 30. Re5 h4 31. h3 a4 32. Re6+ Kb7 33. Re7+ Kc6 34. Re6+ Kd7 35. Re5 Rc8 36. Kd1 Rc6 37. Kd2 Kc7 38. Rd5 Kb6 39. Re5 Rf6 40. Ke2 g5 41. Re8 g4 42. Re7 gxh3 43. gxh3 Rg6 44. Kf1 Rh6 45. Rf7 Rh5 46. Rd7 Kc6 47. Rd5 Rg5 48. Rd8 Rh5 1/2-1/2

[Event "Chojnice op-B 3rd"]
[Site "Chojnice"]
[Date "2007.07.16"]
[Round "4.23"]
[White "Polek, Marek"]
[Black "Zurek, Paulina"]
[Result "1/2-1/2"]
[WhiteElo "1650"]
[BlackElo "1735"]
[PlyCount "31"]
[EventDate "2007.07.13"]
[EventType "swiss"]
[EventRounds "9"]
[EventCountry "POL"]
[SourceTitle "EXT 2023"]
[Source "ChessBase"]
[SourceDate "2022.10.05"]
[SourceVersion "1"]
[SourceVersionDate "2022.10.05"]
[SourceQuality "1"]

1. e4 c6 2. d4 d5 3. exd5 cxd5 4. Bd3 Nc6 5. Ne2 Nf6 6. Nbc3 Bd7 7. Bf4 Qb6 8. Bb5 e6 9. 0-0 Be7 10. h3 Rc8 11. a3 0-0 12. Bd3 h6 13. Re1 Na5 14. b3 Rfe8 15. Qd2 Qd8 16. Nb5 1/2-1/2